000 00796nam a2200229Ii 4500
003 JO-AjNU
008 230605s9999||||xx |||||||||||||| ||und||
017 _a2010/2908
020 _a977-10-2589-9
040 _aJO-AjNU
_bara
_erda
_cJO-AjNU
041 _aara
050 1 4 _aKBP3553.3.S26.2010
100 3 _a محمد، سامي يوسف كمال ,
_eauthor
_944155
245 0 0 _aالصكوك المالية الإسلامية
250 _aط1
264 3 1 _aالقاهرة : دار الفكر الجامعي ، 2010
300 _a215ص
_bيشتمل على مراجع ص ( 207 - 216 )
336 _atext
_btxt
_2rdacontent
337 _aunmediated
_bn
_2rdamedia
338 _avolume
_bnc
_2rdacarrier
650 4 _aالبنوك الاسلامية -- الأوراق المالية
_944156
999 _aA19041
_c22609
_d22609